Nociones de derecho del trabajo

Saved in:
Bibliografiske detaljer
Hovedforfatter: Santoro-Passarelli, Francesco (Author)
Format: Bog
Sprog:spansk
Udgivet: Madrid Diana 1963
Serier:Estudios de Trabajo y Previsión, 13
Fag:
Tags: Tilføj Tag
Ingen Tags, Vær først til at tagge denne postø!

MARC

LEADER 00000nam a2200000 a 4500
001 UCS2295
003 CL-VaPUC
008 970523e19630000SP |||||||||||||||||spa|d
082 0 4 |a 344.01  |b SAN  |2 21 
100 0 |a Santoro-Passarelli, Francesco  |e author  |9 387585 
245 1 0 |a Nociones de derecho del trabajo 
300 |a 262 p 
942 |c BK 
945 |d 19970523 00:00:00  |a cmena 
260 |a Madrid  |b Diana  |c 1963 
650 7 |a DERECHO LABORAL  |2 CL-VaPUC  |9 15 
650 0 |a Sindicatos  |9 255034 
650 0 |a Libertad sindical  |9 387480 
650 0 |a Derecho público   |9 255910 
650 0 |a Autonomía sindical  |9 387481 
650 7 |a CONTRATO COLECTIVO DE TRABAJO  |2 CL-VaPUC  |9 383015 
650 7 |a CONTRATO DE TRABAJO  |2 CL-VaPUC  |9 387586 
583 |a last modification  |c 20170712 03:36:48  |k Rodrigo Vera 
490 0 |a Estudios de Trabajo y Previsión, 13 
999 |c 260268  |d 260266 
952 |0 0  |1 0  |4 0  |6 344_010000000000000_SAN_1963  |7 0  |8 A  |9 286225  |a BIBDER  |b BIBDER  |d 2019-11-19  |i 1860186  |o 344.01 SAN 1963  |p 1860186  |r 2023-01-25  |w 2019-11-19  |y BK  |k DER